The adoption of requirements management in the delivery of refurbishment projects (Record no. 106534)
[ view plain ]
| 000 -LEADER | |
|---|---|
| fixed length control field | 01009cam a2200217 4500 |
| 001 - CONTROL NUMBER | |
| control field | L136900 |
| 008 - FIXED-LENGTH DATA ELEMENTS--GENERAL INFORMATION | |
| fixed length control field | 070301n2005 000 0 eng u |
| 035 ## - SYSTEM CONTROL NUMBER | |
| System control number | (Sirsi) u136900 |
| 041 0# - LANGUAGE CODE | |
| Language code of text/sound track or separate title | eng |
| 100 ## - MAIN ENTRY--PERSONAL NAME | |
| Personal name | ChinTian Lee, Cynthia |
| 245 04 - TITLE STATEMENT | |
| Title | The adoption of requirements management in the delivery of refurbishment projects |
| Medium | [electronic resource] |
| 260 ## - PUBLICATION, DISTRIBUTION, ETC. | |
| Place of publication, distribution, etc. | Brisbane |
| Name of publisher, distributor, etc. | Queensland University of Technology |
| Date of publication, distribution, etc. | 2005 |
| 490 #0 - SERIES STATEMENT | |
| Series statement | COBRA |
| Volume/sequential designation | 2005 |
| 520 ## - SUMMARY, ETC. | |
| Summary, etc. | Discusses the documentation and communication of clients? requirements for the purpose of achieving client satisfaction. Discusses how refurbishment projects can be more complex than new build because of the associated uncertainty and complexity in refurbishment projects. |
| 651 #4 - SUBJECT ADDED ENTRY--GEOGRAPHIC NAME | |
| Geographic name | United Kingdom |
| Chronological subdivision | |
| 690 ## - LOCAL SUBJECT ADDED ENTRY--TOPICAL TERM (OCLC, RLIN) | |
| Topical term or geographic name as entry element | Refurbishment |
| 9 (RLIN) | 6264 |
| 700 1# - ADDED ENTRY--PERSONAL NAME | |
| Personal name | Hayles, Carolyn |
| 700 1# - ADDED ENTRY--PERSONAL NAME | |
| Personal name | Egbu, Charles |
| 856 40 - ELECTRONIC LOCATION AND ACCESS | |
| Uniform Resource Identifier | <a href="https://www.rics.org/site/scripts/download_info.aspx?downloadID=2607">https://www.rics.org/site/scripts/download_info.aspx?downloadID=2607</a> |
| Public note | View the item free of charge at www.rics.org... |
| 942 ## - ADDED ENTRY ELEMENTS (KOHA) | |
| Suppress in OPAC | 0 |
| Withdrawn status | Lost status | Source of classification or shelving scheme | Damaged status | Not for loan | Home library | Current library | Shelving location | Date acquired | Total Checkouts | Full call number | Barcode | Date last seen | Copy number | Price effective from | Koha item type |
|---|---|---|---|---|---|---|---|---|---|---|---|---|---|---|---|
| Dewey Decimal Classification | Virtual | Virtual | Online | 01/03/2007 | ONLINE PUBLICATION | 136900-1001 | 06/08/2019 | 1 | 06/08/2019 | Book |